Header
Vista normal Vista MARC
  • Otero, José Pacífico,

Entrada Nombre personal

Número de registros utilizados en: 7

001 - NÚMERO DE CONTROL

  • campo de control: 6623

003 - IDENTIFICADOR DEL NÚMERO DE CONTROL

  • campo de control: AR-BaAGN

005 - FECHA Y HORA DE LA ÚLTIMA TRANSACCIÓN

  • campo de control: 20231113142103.0

008 - ELEMENTOS DE DATO DE LONGITUD-FIJA

  • campo de control de longitud fija: 231109|| aca||aabn | a|a d

024 7# - IDENTIFICADOR DE OTROS ESTÁNDARES

  • Número estándar o código: 89228575
  • Fuente: viaf
  • URI de un objeto del mundo real: http://viaf.org/viaf/89228575

040 ## - FUENTE DE CATALOGACIÓN

  • Centro catalogador/agencia de origen: AR-BaBN
  • Lengua de catalogación: spa
  • Normas de descripción: aacr
  • Centro/agencia modificador: AR-BaAGN

100 1# - ENCABEZAMIENTO-NOMBRE DE PERSONA

  • Nombre de persona: Otero, José Pacífico,
  • Fechas asociadas al nombre: 1874-1937

370 ## - LUGAR ASOCIADO

  • Lugar de nacimiento: Buenos Aires
  • Lugar de fallecimiento: Buenos Aires

372 ## - CAMPO DE ACTIVIDAD

  • Campo de actividad: Literatura

372 ## - CAMPO DE ACTIVIDAD

  • Campo de actividad: Religión

374 ## - OCUPACIÓN

  • Ocupación: Historiadores

374 ## - OCUPACIÓN

  • Ocupación: Filósofos

670 ## - FUENTE DE DATOS ENCONTRADOS

  • Cita de la fuente: Biblioteca Nacional Mariano Moreno, 9 noviembre 2023:
  • Información encontrada: catálogo de autoridades (Otero, José Pacífico)

670 ## - FUENTE DE DATOS ENCONTRADOS

  • Cita de la fuente: WWW Todo-argentina.net, 19 ago. 2015:
  • Información encontrada: (Historiador argentino (1874-1937), fundador del Instituto Sanmartiniano; Publicó El padre Castañeda; Los héroes de la conquista; Hojas y alas; La orden franciscana en el Uruguay; Historia del Libertador don José de San Martín y otras obras)
  • Identificador Uniforme de Recursos: http://www.todo-argentina.net/biografias/Personajes/jose_pacifico_otero.htm

670 ## - FUENTE DE DATOS ENCONTRADOS

  • Cita de la fuente: Abad de Santillán, D. Gran encicl. arg., 1956:
  • Información encontrada: (Otero, José Pacífico, historiador; n. en Bs. As. en 1871; m. el 14 de mayo de 1937; tomo los hábitos en la orden de los Franaciscanos; estudio filosofía)

670 ## - FUENTE DE DATOS ENCONTRADOS

  • Cita de la fuente: WWW Cronicas de la emigracion.com, 06 jun. 2016:
  • Información encontrada: (Nacido en Buenos Aires el 10 de julio de 1874, José Pacífico Otero; Estrechamente relacionado con la Orden Franciscana, en una de sus escuelas realizó sus primeros estudios, comenzando el noviciado en 1887; Una vez ordenado sacerdote en 1897; sobresalió como escritor y orador sagrado; En 1913 solicitó la secularización y algún tiempo después contrajo nupcias con la señora Manuela Stegman, viajando a Europa en 1914; A lo largo de dieciocho años entre 1914 y 1932 consiguió cristalizar su monumental Historia del Libertador San Martín)
  • Identificador Uniforme de Recursos: http://www.cronicasdelaemigracion.com/opinion/isaac-otero/segunda-epoca-revista-san-martin-buenos-aires/20091029133938026366.html

670 ## - FUENTE DE DATOS ENCONTRADOS

  • Cita de la fuente: VIAF, 19 ago. 2015:
  • Cita de la fuente: cat. aut. (Otero, José Pacífico, 1874-1937)

670 ## - FUENTE DE DATOS ENCONTRADOS

  • Cita de la fuente: Worldcat, 19 ago. 2015:
  • Información encontrada: cat. bibl. (encab.: Otero, José Pacífico, 1874-1937)

Contacto

Dirección: Av. Leandro Alem 246, 3er piso (CABA).
Código postal: C1003AAP
Teléfono: 2206-0013
Correo electrónico: comunicacionagn@mininterior.gob.ar
Sitio Web: www.argentina.gob.ar/interior/archivo-general-de-la-nacion

AGN en las redes sociales

Facebook  /  Twitter  /  Instagram